MARC

LEADER 00000nam0a2200000 4500
001 271131
005 20231101234415.0
035 |a (RuTPU)RU\TPU\book\294312 
090 |a 271131 
100 |a 20141004d1920 k y0rusy50 ca 
101 0 |a rus 
102 |a RU 
105 |a y z 001zy 
200 1 |a Творчество в науке и технике  |f М. А. Блох 
210 |a Петроград  |c Научное химико-техническое издательство  |d 1920 
215 |a 65 с. 
316 |5 63413507: М-132162  |a На титульном листе владельческая подпись : "Бутаков" и дарственная надпись автора Николаю Акимовичу Ватеру 
317 |5 63413507: М-132162  |a Поступила в НТБ в 1970 г. в составе книжного собрания профессора ТПИ И. Н. Бутакова 
320 |a Библиогр.: с. 60-64 
606 1 |a Научное творчество  |2 stltpush  |3 (RuTPU)RU\TPU\subj\45135  |9 64397 
610 1 |a техническое творчество 
610 1 |a анализ 
610 1 |a психология 
610 1 |a история 
610 1 |a изобретения 
610 1 |a изобретатели 
610 1 |a изобретательская деятельность 
610 1 |a дары автора 
610 1 |a дарственные надписи 
610 1 |a библиотека И. Н. Бутакова 
675 |a 608  |v 3 
700 1 |a Блох  |b М. А. 
801 1 |a RU  |b 63413507  |c 20141004 
801 2 |a RU  |b 63413507  |c 20190723  |g RCR 
942 |c BK